The westing game : (Record no. 7027)
[ view plain ]
| 000 -LEADER | |
|---|---|
| fixed length control field | 00922nam a22002417a 4500 |
| 003 - CONTROL NUMBER IDENTIFIER | |
| control field | OSt |
| 005 - DATE AND TIME OF LATEST TRANSACTION | |
| control field | 20251210071956.0 |
| 008 - FIXED-LENGTH DATA ELEMENTS--GENERAL INFORMATION | |
| fixed length control field | 251210b |||||||| |||| 00| 0 eng d |
| 020 ## - INTERNATIONAL STANDARD BOOK NUMBER | |
| International Standard Book Number | 0380679914 |
| 040 ## - CATALOGING SOURCE | |
| Original cataloging agency | DWCL - Main |
| Transcribing agency | OC |
| 082 ## - DEWEY DECIMAL CLASSIFICATION NUMBER | |
| Classification number | F R2 1978 |
| 100 ## - MAIN ENTRY--PERSONAL NAME | |
| Personal name | Raskin, Ellen |
| Relator term | Author |
| 245 ## - TITLE STATEMENT | |
| Title | The westing game : |
| Remainder of title | a puzzle mystery / |
| Statement of responsibility, etc. | Ellen Raskin |
| 260 ## - PUBLICATION, DISTRIBUTION, ETC. | |
| Place of publication, distribution, etc. | New York: |
| Name of publisher, distributor, etc. | Avon Books, |
| Date of publication, distribution, etc. | c1978. |
| 300 ## - PHYSICAL DESCRIPTION | |
| Extent | 185 pages; |
| Dimensions | 17 cm. |
| 500 ## - GENERAL NOTE | |
| General note | Newbery Medal, 1979<br/><br/>The mysterious death of an eccentric millionaire brings together an unlikely assortment of heirs who must uncover the circumstances of his death before they can claim their inheritance. |
| 650 ## - SUBJECT ADDED ENTRY--TOPICAL TERM | |
| Topical term or geographic name entry element | 1. Humorous stories. |
| 650 ## - SUBJECT ADDED ENTRY--TOPICAL TERM | |
| Topical term or geographic name entry element | 2. Mystery and detective stories. |
| 650 ## - SUBJECT ADDED ENTRY--TOPICAL TERM | |
| Topical term or geographic name entry element | 3. Chicago (Ill.) -- Fiction. |
| 650 ## - SUBJECT ADDED ENTRY--TOPICAL TERM | |
| Topical term or geographic name entry element | 4. Apartment houses -- Fiction. |
| 650 ## - SUBJECT ADDED ENTRY--TOPICAL TERM | |
| Topical term or geographic name entry element | 5. Inheritance and succession -- Fiction. |
| 942 ## - ADDED ENTRY ELEMENTS (KOHA) | |
| Source of classification or shelving scheme | Dewey Decimal Classification |
| Koha item type | Fiction |
| Suppress in OPAC | No |
| 952 ## - LOCATION AND ITEM INFORMATION (KOHA) | |
| -- | |
| 952 ## - LOCATION AND ITEM INFORMATION (KOHA) | |
| -- | |
| 952 ## - LOCATION AND ITEM INFORMATION (KOHA) | |
| -- | |
| Withdrawn status | Lost status | Source of classification or shelving scheme | Damaged status | Not for loan | Home library | Current library | Shelving location | Date acquired | Source of acquisition | Total Checkouts | Full call number | Barcode | Date last seen | Copy number | Price effective from | Koha item type | Uniform Resource Identifier |
|---|---|---|---|---|---|---|---|---|---|---|---|---|---|---|---|---|---|
| Dewey Decimal Classification | Junior High School Library | Junior High School Library | Fiction | 05/15/2005 | Library Fund | F R2 1978 | JHS - 12372 | 12/10/2025 | c1 | 12/10/2025 | FIC. | ||||||
| Dewey Decimal Classification | Junior High School Library | Junior High School Library | Fiction | 05/15/2005 | Library Fund | F R2 1978 | JHS - 12373 | 12/10/2025 | c2 | 12/10/2025 | FIC. | ||||||
| Dewey Decimal Classification | Junior High School Library | Junior High School Library | Fiction | 05/15/2005 | Library Fund | F R2 1978 | JHS - 12374 | 12/10/2025 | c3 | 12/10/2025 | FIC. |